000 02424nam0a2200409 4500
001 RU\NLR\BIBL_A\022142579
005 20240410114723.0
010 _a978-5-00177-805-9
_9500
021 _aRU
_bКН-П-24-001399
_9КН-П-24-0122
035 _a(NLR Aleph) 022142579
035 _a(RuMoRGB)012502098
090 _a12870089
_c12870089
100 _a20240219d2023 k y0rusy50 ca
101 0 _arus
_deng
102 _aRU
105 _aa z 100yy
181 0 _ai3
_baxxe
182 1 _an
200 1 _aЦифровое общество: психологический и педагогический взгляд
_eсборник статей Международной научно-практической конференции, 4 декабря 2023 г., Саратов
_fНаучно-издательский центр Аэтерна
_gответственный редактор: Сукиасян Асатур Альбертович, к. э. н.
203 _aТекст
_bвизуальный
_cнепосредственный
210 _aУфа
_cАэтерна
_d2023
215 _a248 с.
_cил., табл.
_d21
300 _aРез. англ.
320 _aБиблиогр. в конце ст.
606 1 _aОбразование
_jСъезды, совещания и т.п
_xИнформационные технологии
_xПсихологические исследования
_92550156
_3RU\NLR\AUTH\661509084
606 1 _aОбразование
_jСъезды, совещания и т.п
_xИнформационные технологии
_92103593
_3RU\NLR\AUTH\661575610
686 1 _aЮ941.1-51я431
686 1 _aЮ984.030.2-9я431
686 1 _aЧ312.31я431
702 1 _4340
_7ca
_8rus
_aСукиасян
_bА. А.
_cканд. экон. наук
_gАсатур Альбертович
_9222547
_3RU\NLR\AUTH\770222603
711 1 2 _a"Цифровое общество: психологический и педагогический взгляд", международная научно-практическая конференция
_eСаратов
_f2023
_9877144
_3RU\NLR\AUTH\880605293
712 0 2 _4475
_a"Аэтерна", научно-издательский центр
_cУфа
_9475081
_3RU\NLR\AUTH\880404035
942 _cBOOK
980 _aNB